Palabra y objeto

保存先:
書誌詳細
第一著者: Quine, Willard Van Orman (著者)
フォーマット: 図書
言語:スペイン語
出版事項: Barcelona Labor 1968
シリーズ:Biblioteca Universitaria Labor
主題:
タグ: タグ追加
タグなし, このレコードへの初めてのタグを付けませんか!

MARC

LEADER 00000nam a2200000 a 4500
001 UCZ2638
003 CL-VaPUC
008 951005e19680000SP |||||||||||||||||spa|d
082 0 4 |a 401  |b QUI  |2 21 
100 0 |a Quine, Willard Van Orman  |e author  |9 346418 
245 1 0 |a Palabra y objeto 
300 |a 298 p 
942 |c BK 
945 |d 19951005 00:00:00  |a cmena 
260 |a Barcelona  |b Labor  |c 1968 
650 0 |a Filosofía del lenguaje  |9 257082 
650 0 |a Lingüística  |9 265068 
650 7 |a TEORIA LINGUISTICA  |2 CL-VaPUC  |9 334835 
650 0 |a Comunicación   |9 257251 
650 0 |a Semántica  |9 265318 
583 |a last modification  |c 19951005 00:00:00  |k Rodrigo Vera 
490 0 |a Biblioteca Universitaria Labor 
999 |c 239203  |d 239201 
952 |0 0  |1 0  |4 0  |6 401_000000000000000_QUI_1968  |7 0  |8 A  |9 250110  |a BIBEDU  |b BIBEDU  |d 2019-11-18  |i 1569163  |o 401 QUI 1968  |p 1569163  |r 2019-11-18  |w 2019-11-18  |y BK  |k FIL 
952 |0 0  |1 0  |4 0  |6 401_000000000000000_QUI_1968  |7 0  |8 A  |9 250111  |a BIBEDU  |b BIBEDU  |d 2019-11-18  |i 158278K  |o 401 QUI 1968  |p 158278K  |r 2019-11-18  |w 2019-11-18  |y BK  |k FIL 
952 |0 0  |1 0  |4 0  |6 401_000000000000000_QUI_1968  |7 0  |8 A  |9 250112  |a BIBEDU  |b BIBEDU  |d 2019-11-18  |i 3126218  |l 3  |o 401 QUI 1968  |p 3126218  |r 2022-06-14  |s 2022-06-14  |w 2019-11-18  |y BK  |k FIL 
952 |0 0  |1 0  |4 0  |6 401_000000000000000_QUI_1968  |7 0  |8 A  |9 250113  |a BIBEDU  |b BIBEDU  |d 2019-11-18  |i 3362329  |o 401 QUI 1968  |p 3362329  |r 2019-11-18  |w 2019-11-18  |y BK  |k FIL 
952 |0 0  |1 0  |4 0  |6 401_000000000000000_QUI_1968  |7 0  |8 A  |9 250114  |a FDOPOS  |b FDOPOS  |d 2019-11-18  |i 4268806  |o 401 QUI 1968  |p 4268806  |r 2025-01-22  |w 2019-11-18  |y BK  |k MLA